<?xml version="1.0" encoding="UTF-8"?>
<record
    xmlns:xsi="http://www.w3.org/2001/XMLSchema-instance"
    xsi:schemaLocation="http://www.loc.gov/MARC21/slim http://www.loc.gov/standards/marcxml/schema/MARC21slim.xsd"
    xmlns="http://www.loc.gov/MARC21/slim">

  <leader>01180    a2200217   4500</leader>
  <controlfield tag="001">50110</controlfield>
  <controlfield tag="005">20260407155801.0</controlfield>
  <controlfield tag="008">260407a1984    arg                 spa d</controlfield>
  <controlfield tag="003">AR-UNSa-BCEJYS</controlfield>
  <datafield tag="040" ind1=" " ind2=" ">
    <subfield code="a">AR-UNSa-BCEJYS</subfield>
    <subfield code="b">spa</subfield>
    <subfield code="c">AR-UNSa-BCEJYS</subfield>
  </datafield>
  <datafield tag="080" ind1=" " ind2=" ">
    <subfield code="a">(038)004</subfield>
    <subfield code="x">Diccionario de Inform&#xE1;tica</subfield>
  </datafield>
  <datafield tag="245" ind1="1" ind2="0">
    <subfield code="a">Glosario de informatica</subfield>
  </datafield>
  <datafield tag="264" ind1=" " ind2="1">
    <subfield code="a">Buenos Aires :</subfield>
    <subfield code="b">Ediciones Contabilidad Moderna</subfield>
    <subfield code="c">1984</subfield>
  </datafield>
  <datafield tag="300" ind1=" " ind2=" ">
    <subfield code="a">314 p.</subfield>
    <subfield code="c">22 cm.</subfield>
  </datafield>
  <datafield tag="505" ind1=" " ind2=" ">
    <subfield code="a">1. Equivalencias ingl&#xE9;s-castellano de las expresiones incluidas - 2. Siglas, abreviaturas y acr&#xF3;nimos - 3. Unidades de medida - 4. Publicaciones peri&#xF3;dicas relacionadas con la inform&#xE1;tica editadas en la Rep&#xFA;blica Argentina - 5. Instituciones relacionadas con la inform&#xE1;tica en la Rep&#xFA;blica Argentina - 6. Instituciones nacionales que prestan servicios de acceso a bases de datos p&#xFA;blicas o semip&#xFA;blicas para la recuperaci&#xF3;n de informaci&#xF3;n - 7. Publicaciones extranjeras relacionadas con la inform&#xE1;tica - 8. Breve rese&#xF1;a de protagonistas y hechos en inform&#xE1;tica - </subfield>
  </datafield>
  <datafield tag="041" ind1=" " ind2=" ">
    <subfield code="a">spa</subfield>
  </datafield>
  <datafield tag="942" ind1=" " ind2=" ">
    <subfield code="c">BK</subfield>
  </datafield>
  <datafield tag="590" ind1=" " ind2=" ">
    <subfield code="a">niveau_biblio:m niveau_hierar:0</subfield>
  </datafield>
  <datafield tag="100" ind1="1" ind2=" ">
    <subfield code="a">Saroka, Ra&#xFA;l Horacio</subfield>
  </datafield>
  <datafield tag="700" ind1="1" ind2=" ">
    <subfield code="a">Tesoro, Jos&#xE9; Luis</subfield>
  </datafield>
  <datafield tag="999" ind1=" " ind2=" ">
    <subfield code="c">4958</subfield>
    <subfield code="d">4958</subfield>
  </datafield>
  <datafield tag="952" ind1=" " ind2=" ">
    <subfield code="0">0</subfield>
    <subfield code="1">0</subfield>
    <subfield code="4">0</subfield>
    <subfield code="7">0</subfield>
    <subfield code="a">BCEJYS</subfield>
    <subfield code="b">BCEJYS</subfield>
    <subfield code="c">16</subfield>
    <subfield code="d">2026-04-07</subfield>
    <subfield code="l">0</subfield>
    <subfield code="o">R(038)004 S243</subfield>
    <subfield code="p">L39138</subfield>
    <subfield code="r">2026-04-07 15:58:01</subfield>
    <subfield code="w">2026-04-07</subfield>
    <subfield code="y">L</subfield>
  </datafield>
</record>
